Narcotics anonymous. (Record no. 9589)

MARC details
000 -LEADER
fixed length control field 00856cam a2200289 a 4500
001 - CONTROL NUMBER
control field 16950460
005 - DATE AND TIME OF LATEST TRANSACTION
control field 20230522150454.0
008 - FIXED-LENGTH DATA ELEMENTS--GENERAL INFORMATION
fixed length control field 110907s2008 cau 001 0 eng
010 ## - LIBRARY OF CONGRESS CONTROL NUMBER
LC control number 2011292463
020 ## - INTERNATIONAL STANDARD BOOK NUMBER
International Standard Book Number 9781557767356 (pbk.)
040 ## - CATALOGING SOURCE
Original cataloging agency DLC
Transcribing agency DLC
042 ## - AUTHENTICATION CODE
Authentication code pcc
043 ## - GEOGRAPHIC AREA CODE
Geographic area code n-us---
050 00 - LIBRARY OF CONGRESS CALL NUMBER
Classification number HV5825
Item number .N28 2008
082 ## - DEWEY DECIMAL CLASSIFICATION NUMBER
Classification number 362.2
245 00 - TITLE STATEMENT
Title Narcotics anonymous.
250 ## - EDITION STATEMENT
Edition statement 6th ed.
260 ## - PUBLICATION, DISTRIBUTION, ETC.
Place of publication, distribution, etc. Chatsworth, CA :
Name of publisher, distributor, etc. Narcotics Anonymous World Services,
Date of publication, distribution, etc. 2008.
300 ## - PHYSICAL DESCRIPTION
Extent xxvi, 425 p. ;
Dimensions 24 cm.
490 0# - SERIES STATEMENT
Series statement NA World Services
500 ## - GENERAL NOTE
General note Includes index.
General note "25th anniversary commemorative sixth edition published 2008"--T.p. verso.
610 20 - SUBJECT ADDED ENTRY--CORPORATE NAME
Corporate name or jurisdiction name as entry element Narcotics Anonymous.
650 #0 - SUBJECT ADDED ENTRY--TOPICAL TERM
Topical term or geographic name entry element Drug addicts
General subdivision Rehabilitation
Geographic subdivision United States
Form subdivision Case studies.
710 2# - ADDED ENTRY--CORPORATE NAME
Corporate name or jurisdiction name as entry element Narcotics Anonymous.
942 ## - ADDED ENTRY ELEMENTS (KOHA)
Source of classification or shelving scheme Dewey Decimal Classification
Koha item type Main
Holdings
Withdrawn status Lost status Source of classification or shelving scheme Damaged status Not for loan Collection code Home library Current library Shelving location Date acquired Serial Enumeration / chronology Total Checkouts Total Renewals Full call number Barcode Date last seen Date last checked out Price effective from Koha item type Public note
    Dewey Decimal Classification     Main TEST RTC Library RTC Library Main opac 22/05/2023 177467 1 1 362.2 NAR 30018323 16/12/2025 20/08/2025 22/05/2023 Main Book Lost
Royal Thimphu College || All Right Reserved